000
00317nam a2200109Ia 4500
008
200302s9999 xx 000 0 und d
100
_a
Tim & Charlotte Benton
245
_a
Form and Function A Source Book for the History of Architecture & Design
260
_b
The Open University Press
260
_c
1975
300
_a
252 P.,
999
_c
54
_d
54